[Event "Baden-Baden Autumn op"]
[Site "Baden-Baden"]
[Date "2023.11.05"]
[Round "6"]
[White "Merkel, Luis"]
[Black "Bentel, Robin"]
[Result "0-1"]
[WhiteElo "1904"]
[BlackElo "2175"]
[PlyCount "104"]
[EventDate "2023.11.02"]
[EventType "swiss"]
[EventRounds "7"]
[EventCountry "GER"]
[SourceTitle "CB46_2023"]
[SourceDate "2023.11.15"]
[SourceVersion "1"]
[SourceVersionDate "2023.11.15"]
[SourceQuality "1"]
[WhiteTeam "Germany"]
[BlackTeam "Germany"]
[WhiteTeamCountry "GER"]
[BlackTeamCountry "GER"]

1. d4 Nf6 2. c4 e6 3. g3 c5 4. d5 exd5 5. cxd5 d6 6. Nc3 g6 7. Bg2 Bg7 8. Nf3 0-0 9. 0-0 Re8 10. Bf4 a6 11. a4 h6 12. Qc1 g5 13. Bd2 Bf5 14. h4 g4 15. Ne1 Kh7 16. Nc2 Nbd7 17. Ne3 Bg6 18. a5 Ne5 19. Na4 Nfd7 20. Ra3 Qe7 21. b4 cxb4 22. Bxb4 Rac8 23. Rc3 Rxc3 24. Bxc3 Rc8 25. Qa3 h5 26. Bb4 Bf8 27. Rc1 Rxc1+ 28. Qxc1 Qd8 29. Bh1 b5 30. axb6 Nxb6 31. Nb2 Qd7 32. Qd2 Qb5 33. Bc3 Bg7 34. Bg2 Nbd7 35. Nc2 Qb3 36. Nd4 Qa2 37. Nc6 Qb1+ 38. Kh2 Bh6 39. Qd4 Qc2 40. Ne7 Qxe2 41. Nxg6 fxg6 42. Na4 Bg7 43. Qd2 Nf3+ 44. Bxf3 Qxf3 45. Kg1 Be5 46. Bb4 Nf6 47. Nc3 Bxc3 48. Bxc3 Ne4 49. Qe1 Nxc3 50. Qe7+ Kh6 51. Qg5+ Kg7 52. Qe7+ Qf7 0-1

[Event "Baden-Baden Autumn op"]
[Site "Baden-Baden"]
[Date "2023.11.04"]
[Round "5"]
[White "Cernov, Henrik"]
[Black "Merkel, Luis"]
[Result "1/2-1/2"]
[WhiteElo "2094"]
[BlackElo "1904"]
[PlyCount "66"]
[EventDate "2023.11.02"]
[EventType "swiss"]
[EventRounds "7"]
[EventCountry "GER"]
[SourceTitle "CB46_2023"]
[SourceDate "2023.11.15"]
[SourceVersion "1"]
[SourceVersionDate "2023.11.15"]
[SourceQuality "1"]
[WhiteTeam "Germany"]
[BlackTeam "Germany"]
[WhiteTeamCountry "GER"]
[BlackTeamCountry "GER"]

1. e4 c5 2. Nf3 d6 3. d4 cxd4 4. Nxd4 Nf6 5. Nc3 a6 6. Rg1 e5 7. Nb3 Be6 8. g4 d5 9. exd5 Nxd5 10. Nxd5 Qxd5 11. Qxd5 Bxd5 12. Be3 Nd7 13. 0-0-0 Bc6 14. g5 h6 15. h4 hxg5 16. hxg5 a5 17. Nd2 b5 18. Bd3 Rh4 19. g6 f6 20. Bf5 Nc5 21. f3 Rd8 22. Rh1 Rxh1 23. Rxh1 Nb7 24. Rh8 Nd6 25. Bb6 Ra8 26. Be4 Nxe4 27. Nxe4 Kd7 28. Bxa5 Ke6 29. Bc7 Kf5 30. Bd6 Bxd6 31. Nxd6+ Kxg6 32. Rxa8 Bxa8 33. Nxb5 Kf5 1/2-1/2

[Event "Baden-Baden Autumn op"]
[Site "Baden-Baden"]
[Date "2023.11.03"]
[Round "3"]
[White "Cofman, Veaceslav"]
[Black "Merkel, Luis"]
[Result "1/2-1/2"]
[WhiteElo "2236"]
[BlackElo "1904"]
[PlyCount "71"]
[EventDate "2023.11.02"]
[EventType "swiss"]
[EventRounds "7"]
[EventCountry "GER"]
[SourceTitle "CB46_2023"]
[SourceDate "2023.11.15"]
[SourceVersion "1"]
[SourceVersionDate "2023.11.15"]
[SourceQuality "1"]
[WhiteTeam "Germany"]
[BlackTeam "Germany"]
[WhiteTeamCountry "GER"]
[BlackTeamCountry "GER"]

1. d4 d5 2. c4 c6 3. Nf3 Nf6 4. g3 g6 5. Nbd2 Bg7 6. Bg2 0-0 7. 0-0 Nbd7 8. Qc2 Re8 9. e4 Nxe4 10. Nxe4 dxe4 11. Qxe4 e5 12. dxe5 Nxe5 13. Nxe5 Rxe5 14. Qc2 Bf5 15. Qb3 Qb6 16. Be3 Qxb3 17. axb3 Ree8 18. Rfd1 Bxb2 19. Rxa7 Rxa7 20. Bxa7 Ra8 21. Be3 Kg7 22. h3 h5 23. Bc5 Kf6 24. Kh2 Be5 25. Re1 h4 26. f4 hxg3+ 27. Kxg3 Bc3 28. Re3 Bb2 29. Re7 b6 30. Re2 bxc5 31. Rxb2 Rd8 32. Kh2 Rd3 33. b4 cxb4 34. Rxb4 Rd2 35. Kg3 Rd3+ 36. Kh2 1/2-1/2

[Event "Mittelfrank Regionalliga Nord-Ost 2223"]
[Site "Mittelfranken"]
[Date "2022.12.11"]
[Round "4.1"]
[White "Merkel, Luis"]
[Black "Jansa, Vlastimil"]
[Result "1/2-1/2"]
[WhiteElo "2086"]
[BlackElo "2357"]
[PlyCount "152"]
[EventDate "2022.10.09"]
[EventType "team-tourn"]
[EventRounds "9"]
[EventCountry "GER"]
[SourceTitle "EXT 2024"]
[Source "ChessBase"]
[SourceDate "2023.10.10"]
[SourceVersion "1"]
[SourceVersionDate "2023.10.10"]
[SourceQuality "1"]
[WhiteTeam "Buechenbach/Roth"]
[BlackTeam "Forchheim SC"]
[WhiteTeamCountry "GER"]
[BlackTeamCountry "GER"]

1. d4 Nf6 2. c4 g6 3. g3 Bg7 4. Bg2 0-0 5. Nc3 d6 6. Nf3 c6 7. e4 Bg4 8. h3 Bxf3 9. Bxf3 Nbd7 10. Be3 e5 11. d5 Nb6 12. b3 cxd5 13. cxd5 Ne8 14. h4 f5 15. h5 Nd7 16. hxg6 hxg6 17. Qd2 f4 18. gxf4 exf4 19. Bd4 Bxd4 20. Qxd4 Ne5 21. Be2 Rc8 22. 0-0-0 Nf6 23. Kb2 Qa5 24. Nb5 Qd8 25. Nxa7 Rc5 26. Rc1 Qe7 27. Nb5 f3 28. Bf1 Rxc1 29. Kxc1 Qd7 30. Nc3 Qg4 31. Qe3 Nh5 32. Bh3 Qf4 33. Be6+ Kg7 34. Kd2 Qxe3+ 35. Kxe3 Nf4 36. Rg1 Nxe6 37. dxe6 Kf6 38. Nd5+ Kxe6 39. Nf4+ Kf6 40. Nd3 Rc8 41. Nxe5 dxe5 42. Kxf3 Rc3+ 43. Kg2 Rc2 44. Ra1 Rb2 45. Kg3 Ke6 46. Kf3 Kf6 47. Rd1 Rxa2 48. Rd6+ Kf7 49. Rd7+ Kf6 50. Rxb7 Rb2 51. Kg3 Rb1 52. Rb8 Ke6 53. b4 Kd6 54. Rb6+ Kd7 55. Kf3 Rb3+ 56. Kg2 Kc7 57. Rb5 Kd6 58. Rd5+ Ke6 59. b5 Rb2 60. Kg3 Rb1 61. Rc5 Rg1+ 62. Kf3 Rb1 63. Rc6+ Kd7 64. Rb6 Kc7 65. Rxg6 Rxb5 66. Kg4 Kd7 67. Kf5 Rb2 68. f3 Rb3 69. Kxe5 Rxf3 70. Rg7+ Ke8 71. Ke6 Kf8 72. Ra7 Rb3 73. e5 Rb6+ 74. Kd7 Kf7 75. Ra1 Rb7+ 76. Kc6 Rb2 1/2-1/2

[Event "Mittelfrank Regionalliga Nord-Ost 2223"]
[Site "Mittelfranken"]
[Date "2022.10.09"]
[Round "1.1"]
[White "Just, Hannes"]
[Black "Merkel, Luis"]
[Result "1-0"]
[WhiteElo "2092"]
[BlackElo "2086"]
[PlyCount "53"]
[EventDate "2022.10.09"]
[EventType "team-tourn"]
[EventRounds "9"]
[EventCountry "GER"]
[SourceTitle "EXT 2024"]
[Source "ChessBase"]
[SourceDate "2023.10.10"]
[SourceVersion "1"]
[SourceVersionDate "2023.10.10"]
[SourceQuality "1"]
[WhiteTeam "Nuernberg Sued SW II"]
[BlackTeam "Buechenbach/Roth"]
[WhiteTeamCountry "GER"]
[BlackTeamCountry "GER"]

1. e4 c5 2. Nf3 d6 3. d4 cxd4 4. Nxd4 Nf6 5. Nc3 a6 6. a3 e5 7. Nf5 Nxe4 8. Nxg7+ Bxg7 9. Nxe4 d5 10. Ng3 Be6 11. Nh5 Rg8 12. Nxg7+ Rxg7 13. Bh6 Rg6 14. Bd2 Qh4 15. Qf3 Nc6 16. Bc3 0-0-0 17. g3 Qe7 18. h3 e4 19. Qe2 d4 20. Bd2 e3 21. fxe3 Bd5 22. Rg1 Ne5 23. Bg2 Rxg3 24. 0-0-0 dxe3 25. Ba5 Qg5 26. Bxd8 Rxg2 27. Bxg5 1-0

[Event "Mittelfrank Regionalliga Nord-Ost 2122"]
[Site "Mittelfranken"]
[Date "2022.05.29"]
[Round "9.2"]
[White "Merkel, Luis"]
[Black "Endres, Christian"]
[Result "1-0"]
[WhiteElo "2064"]
[BlackElo "2162"]
[PlyCount "91"]
[EventDate "2021.10.24"]
[EventType "team-tourn"]
[EventRounds "9"]
[EventCountry "GER"]
[SourceTitle "EXT 2024"]
[Source "ChessBase"]
[SourceDate "2023.10.10"]
[SourceVersion "1"]
[SourceVersionDate "2023.10.10"]
[SourceQuality "1"]
[WhiteTeam "Buechenbach/Roth"]
[BlackTeam "Altensittenbach"]
[WhiteTeamCountry "GER"]
[BlackTeamCountry "GER"]

1. d4 Nf6 2. Bf4 c5 3. e3 g6 4. c3 Bg7 5. Nf3 0-0 6. h3 d6 7. dxc5 dxc5 8. Qxd8 Rxd8 9. Nbd2 Nc6 10. Bc7 Re8 11. Bh2 b6 12. Bb5 Bd7 13. Ba6 Bc8 14. Bxc8 Raxc8 15. Ke2 e5 16. Nc4 e4 17. Nfe5 Nxe5 18. Bxe5 Rcd8 19. Rhd1 Nh5 20. Bxg7 Nxg7 21. Nd6 Re6 22. Nxf7 Rxd1 23. Nh6+ Kf8 24. Rxd1 g5 25. Rd8+ Ke7 26. Rg8 Ne8 27. Nf5+ Kf6 28. g4 b5 29. Rf8+ Kg6 30. Ng3 b4 31. Rg8+ Kf6 32. Nh5+ Kf7 33. Rxg5 Ra6 34. cxb4 Rxa2 35. bxc5 Rxb2+ 36. Kf1 Rc2 37. Rd5 a5 38. c6 a4 39. Rd7+ Ke6 40. Nf4+ Kf6 41. Ra7 Rc4 42. Ne2 h6 43. Nd4 Nd6 44. Kg2 h5 45. gxh5 Kg5 46. Ra5+ 1-0

[Event "Mittelfranken-chTB2a 1819"]
[Site "Mittelfranken"]
[Date "2019.02.10"]
[Round "5.3"]
[White "Merkel, Luis"]
[Black "Kramer, Manuel"]
[Result "0-1"]
[WhiteElo "1816"]
[BlackElo "1880"]
[PlyCount "64"]
[EventDate "2018.10.14"]
[EventType "team-tourn"]
[EventRounds "9"]
[EventCountry "GER"]
[SourceTitle "EXT 2022"]
[Source "ChessBase"]
[SourceDate "2021.10.06"]
[SourceVersion "1"]
[SourceVersionDate "2021.10.06"]
[SourceQuality "1"]
[WhiteTeam "Buechenbach/Roth II"]
[BlackTeam "Bubenreuth"]
[WhiteTeamCountry "GER"]
[BlackTeamCountry "GER"]

1. d4 e6 2. g3 d5 3. Bg2 Nf6 4. Nf3 c5 5. c4 Nc6 6. cxd5 exd5 7. 0-0 Be6 8. Nc3 Be7 9. Bf4 0-0 10. dxc5 Bxc5 11. Rc1 Be7 12. Qa4 Qb6 13. b3 a6 14. Be3 Qd8 15. Nd4 Nb4 16. Nxe6 fxe6 17. Qa3 Nd3 18. Qa4 Nxc1 19. Rxc1 b5 20. Qd4 Rc8 21. Qd2 Bb4 22. Bd4 Qa5 23. Qe3 Rc6 24. Bh3 Kh8 25. Nb1 Rxc1+ 26. Qxc1 Qxa2 27. Bxe6 Qxb3 28. Bf5 Qc4 29. Qe3 a5 30. g4 a4 31. Qe5 Re8 32. Be6 Rxe6 0-1

[Event "Regionalliga Nord-Ost 1819"]
[Site "Bayern"]
[Date "2019.02.03"]
[Round "6.8"]
[White "Merkel, Luis"]
[Black "Erlbeck, Peter"]
[Result "1/2-1/2"]
[WhiteElo "1816"]
[BlackElo "1965"]
[PlyCount "115"]
[EventDate "2018.10.21"]
[EventType "team-tourn"]
[EventRounds "9"]
[EventCountry "GER"]
[SourceTitle "EXT 2022"]
[Source "ChessBase"]
[SourceDate "2021.10.06"]
[SourceVersion "1"]
[SourceVersionDate "2021.10.06"]
[SourceQuality "1"]
[WhiteTeam "Buechenbach/Roth"]
[BlackTeam "Nuernberg Sued SW II"]
[WhiteTeamCountry "GER"]
[BlackTeamCountry "GER"]

1. d4 f5 2. Nf3 Nf6 3. Bf4 g6 4. e3 Bg7 5. c4 d6 6. h3 0-0 7. Nc3 c6 8. Bd3 Qe8 9. 0-0 Nbd7 10. d5 Nc5 11. Qc2 h6 12. Rac1 Nxd3 13. Qxd3 g5 14. Bh2 Qh5 15. c5 g4 16. hxg4 fxg4 17. Nd2 cxd5 18. cxd6 exd6 19. Bxd6 Rf7 20. Ne2 Bf5 21. Qb3 Rd8 22. Ng3 Qg6 23. Nxf5 Qxf5 24. Bc7 Re8 25. Qc2 Nh5 26. Nb3 Qxc2 27. Rxc2 Rc8 28. Rfc1 Bxb2 29. Bb6 Rxc2 30. Rxc2 axb6 31. Rxb2 g3 32. fxg3 Nxg3 33. Nd4 Rf6 34. Rc2 Rf7 35. Rb2 Nf1 36. Rxb6 Nxe3 37. Nf3 Rg7 38. Kf2 Nxg2 39. Rxh6 Nf4 40. Ke3 Ng6 41. Kd4 Ne7 42. Rb6 Rg4+ 43. Kc5 Rc4+ 44. Kb5 Nc8 45. Rg6+ Kh7 46. Rg5 Nd6+ 47. Ka5 Rc5+ 48. Kb4 b6 49. Nd2 Nf7 50. Rg3 Ne5 51. Rc3 Nc6+ 52. Kb3 Rb5+ 53. Ka3 Ra5+ 54. Kb2 Ne5 55. Nb3 Nc4+ 56. Rxc4 Rxa2+ 57. Kxa2 dxc4 58. Nd4 1/2-1/2

[Event "Mittelfranken-chTB2a 1617"]
[Site "Mittelfranken"]
[Date "2017.05.14"]
[Round "9.8"]
[White "Merkel, Luis"]
[Black "Berntgen, Henri"]
[Result "1/2-1/2"]
[WhiteElo "1566"]
[BlackElo "1724"]
[PlyCount "65"]
[EventDate "2016.10.23"]
[EventType "team-tourn"]
[EventRounds "9"]
[EventCountry "GER"]
[SourceTitle "EXT 2022"]
[Source "ChessBase"]
[SourceDate "2021.10.06"]
[SourceVersion "1"]
[SourceVersionDate "2021.10.06"]
[SourceQuality "1"]
[WhiteTeam "Buechenbach/Roth II"]
[BlackTeam "Nuernberg Sued SW IV"]
[WhiteTeamCountry "GER"]
[BlackTeamCountry "GER"]

1. e4 d6 2. d4 g6 3. Be3 Bg7 4. Nc3 Nf6 5. Be2 a6 6. Qd2 b5 7. f3 Bb7 8. Nh3 Nbd7 9. Bh6 Kf8 10. g4 Ng8 11. Bxg7+ Kxg7 12. Nf4 e5 13. Ng2 exd4 14. Qxd4+ Qf6 15. Qe3 Nc5 16. h4 h5 17. Nf4 hxg4 18. Nfd5 Bxd5 19. Nxd5 Qxb2 20. Kf2 c6 21. Nf4 gxf3 22. Bxf3 Rxh4 23. Rxh4 Qxa1 24. c3 Qxa2+ 25. Kg3 Ne6 26. Nh5+ Kf8 27. e5 d5 28. Nf6 Ke7 29. Rh8 Nh6 30. Rxh6 Qa5 31. Bg4 Qc7 32. Bxe6 Kxe6 33. Ng4 1/2-1/2

[Event "Mittelfranken-chTB2a 1617"]
[Site "Mittelfranken"]
[Date "2017.03.05"]
[Round "7.8"]
[White "Merkel, Luis"]
[Black "Lober, Wolfgang"]
[Result "1/2-1/2"]
[WhiteElo "1566"]
[BlackElo "1626"]
[PlyCount "45"]
[EventDate "2016.10.23"]
[EventType "team-tourn"]
[EventRounds "9"]
[EventCountry "GER"]
[SourceTitle "EXT 2022"]
[Source "ChessBase"]
[SourceDate "2021.10.06"]
[SourceVersion "1"]
[SourceVersionDate "2021.10.06"]
[SourceQuality "1"]
[WhiteTeam "Buechenbach/Roth II"]
[BlackTeam "Fuerth SG"]
[WhiteTeamCountry "GER"]
[BlackTeamCountry "GER"]

1. e4 e5 2. Nf3 Nf6 3. Nxe5 d6 4. Nf3 Nxe4 5. Qe2 Qe7 6. d3 Nf6 7. Bg5 Qxe2+ 8. Bxe2 Be7 9. Nc3 c6 10. Ne4 Nxe4 11. dxe4 Bxg5 12. Nxg5 f6 13. Nf3 Be6 14. Nd4 Ke7 15. Nxe6 Kxe6 16. 0-0-0 Nd7 17. Bc4+ Ke7 18. Rd2 Ne5 19. Bb3 Rhd8 20. Rhd1 a5 21. a4 g5 22. c3 Rd7 23. h3 1/2-1/2

[Event "Mittelfranken-chTB2a 1617"]
[Site "Mittelfranken"]
[Date "2017.02.12"]
[Round "6.8"]
[White "Sommer, Dieter"]
[Black "Merkel, Luis"]
[Result "1-0"]
[WhiteElo "1780"]
[BlackElo "1566"]
[PlyCount "93"]
[EventDate "2016.10.23"]
[EventType "team-tourn"]
[EventRounds "9"]
[EventCountry "GER"]
[SourceTitle "EXT 2022"]
[Source "ChessBase"]
[SourceDate "2021.10.06"]
[SourceVersion "1"]
[SourceVersionDate "2021.10.06"]
[SourceQuality "1"]
[WhiteTeam "Bad Windsheim/Ansbach"]
[BlackTeam "Buechenbach/Roth II"]
[WhiteTeamCountry "GER"]
[BlackTeamCountry "GER"]

1. d4 d5 2. c4 c6 3. Nc3 Nf6 4. Bg5 Nbd7 5. Nf3 e6 6. e3 Be7 7. Bd3 dxc4 8. Bxc4 b5 9. Bd3 Bb7 10. 0-0 a6 11. a3 c5 12. dxc5 Nxc5 13. Be2 Nd5 14. Nxd5 Bxd5 15. Bxe7 Qxe7 16. b4 Ne4 17. Qd4 0-0 18. Rac1 Rfc8 19. Bd3 Nd6 20. e4 Bc4 21. Ne5 Qc7 22. Rfd1 Rd8 23. Qc3 Rac8 24. Rd2 Nxe4 25. Bxe4 Rxd2 26. Qxd2 Qxe5 27. Bb7 Rb8 28. Bxa6 Bd5 29. Bxb5 Bxg2 30. Rc5 Qe4 31. Bc6 Qxc6 32. Rxc6 Bxc6 33. Qd6 Rc8 34. f4 h6 35. Qe5 Ra8 36. Qc3 Be8 37. Qb3 Ba4 38. Qf3 Rb8 39. Qe3 Rb7 40. Qc5 Bd7 41. a4 Kh7 42. b5 Kg8 43. Kf2 f6 44. b6 Kf7 45. a5 Ba4 46. Qc8 Rd7 47. Qxd7+ 1-0

[Event "Pyramiden Franken Cup"]
[Site "Fuerth"]
[Date "2016.09.04"]
[Round "6"]
[White "Lehmann, Patricia"]
[Black "Merkel, Luis"]
[Result "1-0"]
[WhiteElo "1720"]
[BlackElo "1571"]
[PlyCount "37"]
[EventDate "2016.09.01"]
[EventType "swiss"]
[EventRounds "7"]
[EventCountry "GER"]
[SourceTitle "CBM 174 Extra"]
[Source "ChessBase"]
[SourceDate "2016.10.10"]
[SourceVersion "1"]
[SourceVersionDate "2016.10.10"]
[SourceQuality "1"]

1. d4 d5 2. c4 c6 3. Nf3 Nf6 4. e3 e6 5. Nc3 Nbd7 6. Qc2 Bd6 7. Bd3 dxc4 8. Bxc4 b5 9. Bd3 a6 10. 0-0 Bb7 11. Ne4 Nxe4 12. Bxe4 Qc7 13. h3 Nf6 14. Bd3 h5 15. e4 e5 16. dxe5 Bxe5 17. Qc5 Nd7 18. Qe3 Bf4 19. Qxf4 1-0